BBC English dictionany : a dicfionary for the World

Bibliographic Details
Format: Book
Published: London : BBC English , 1993
Subjects:

MARC

LEADER 00000cam a2200000 7i4500
001 0000004404
002 000004734
005 20000330.0
020 |a 1854973002 
090 0 0 |a 420.3   |b BRI 
245 0 0 |a BBC English dictionany :   |b a dicfionary for the World 
260 |a London :   |b BBC English ,   |c 1993 
300 |a 1371p. ;   |c 21cm. 
650 0 0 |a English Laungnge   |x Dictionanies 
999 |a 029376   |b BUKU   |c RUJUKAN   |e PERPUSTAKAAN KOMUNITI PETALING JAYA